000 00270nam a2200121Ia 4500
008 190802s9999 xx 000 0 und d
020 _a978-0-857-50064-9
100 _aImran Khan
245 0 _aPakistan
260 _aLondon
_bBantam
_c2012
300 _a431:p
942 _cBK
999 _c2450
_d2450